LEADER 01028nam a2200229 i 4500 001 000000030029 003 CaOOAMICUS 005 20180830125448.0 008 180830s1928 it u000 u ita u 040 $aSeMil$bita 100 1 $aRuusbroec, Jan : van .$0(OLS)http://semarc/name/3609 245 10$aPagine scelte /$cGiovanni Ruysbroeck l'ammirabile ; tradotte da Giulia Mariani dalla edizione dei pp. benedettini di s. Paul de Wisques. 260 $aMilano :$bS. Lega Eucaristica,$c1928-1929. 300 $a2. v. ;$c16 cm. 500 $aFondo card. Giovanni Colombo. 700 1 $aMariani, Giulia.$0(OLS)http://semarc/name/2759 773 0 $tCompagni dell'anima.$dMilano : S. Lega Eucaristica, [192-?]$w()32240 774 0 $aRuusbroec, Jan : van $t1.$g1$w()230329 774 0 $aRuusbroec, Jan : van $t2.$g2$w()230331 941 1 $a3 996 $6245$aPagine scelte$9(OLS)http://semarc/title/6365 996 $6260$aMilano :$bS. Lega Eucaristica$9(OLS)http://semarc/publisher/33613 LEADER 00918nam a2200229 i 4500 001 000000085060 003 CaOOAMICUS 005 20180103000000.0 008 180103s1927 it u000 u ita u 013 $a57300 040 $aSeMil$bita 100 1 $aBaumann, Émile.$0(OLS)http://semarc/name/39524 245 10$aSan Paolo /$cEmile Baumann ; versione dal francese approvata dall'autore a cura del sac. dott. Piero Rigosa. 260 $aBrescia :$bMorcelliana,$c1927. 300 $a381 p. ;$c20 cm. 600 04$aPaolo .$0(OLS)http://semarc/subject/1316 700 1 $aRigosa, Piero.$0(OLS)http://semarc/name/92226 850 $aSeMil 852 $aSeMil$W1$xVenegono$y1$m2V II 328$j49202$B49202$CSeMilBibl$Z2$F52659 $81 961 $aRecupero: Seminario di Seveso 996 $6245$aSan Paolo$9(OLS)http://semarc/title/48793 996 $6260$aBrescia :$bMorcelliana$9(OLS)http://semarc/publisher/29629